00229nam a2200085Ia 450000100070000000500170000700800410002424500580006526000200012364983720250826154347.0250824s9999 xx 000 0 und d 0aYÜREK DEDE İLE PADİŞAHcCAHİT ZARİFOĞLU bBEYAN YAYINLARI